Guidelines for management consultants in Asia (Record no. 356825)

000 -LEADER
fixed length control field 00412cam a22001337a 4500
008 - FIXED-LENGTH DATA ELEMENTS--GENERAL INFORMATION
fixed length control field 180718b1973 xxu||||| |||| 00| 0 eng d
082 ## - DEWEY DECIMAL CLASSIFICATION NUMBER
Classification number I582x5 W169
100 ## - MAIN ENTRY--PERSONAL NAME
Personal name Walsh, John E.
245 ## - TITLE STATEMENT
Title Guidelines for management consultants in Asia
Statement of responsibility, etc. by John E. Walsh
260 ## - PUBLICATION, DISTRIBUTION, ETC.
Place of publication, distribution, etc. Tokyo
Name of publisher, distributor, etc. Asian Productivity Organisation
Date of publication, distribution, etc. 1973
300 ## - PHYSICAL DESCRIPTION
Extent 205p.
650 ## - SUBJECT ADDED ENTRY--TOPICAL TERM
Topical term or geographic name entry element Business consultants --Asia
650 ## - SUBJECT ADDED ENTRY--TOPICAL TERM
Topical term or geographic name entry element Business consultants
Holdings
Withdrawn status Lost status Damaged status Not for loan Permanent Location Current Location Date acquired Full call number Barcode Date last seen Price effective from Koha item type
        Indian Institute of Public Administration Indian Institute of Public Administration 1994-01-10 I582x5 W169 49414 2018-07-21 2018-07-21 Book

Powered by Koha